| 000 | 00599nam a2200229Ia 4500 | ||
|---|---|---|---|
| 003 | 0100 | ||
| 008 | 130303s9999 xx 000 0 und d | ||
| 040 | _cARRUPELIB | ||
| 050 | _aBX830.1962A8F323 1964 | ||
| 100 | _aFalconi, Carlo | ||
| 245 | _aPope John and the ecunemical council | ||
| 245 | _ba diary of the Second Vatican Council, September-December 1962. | ||
| 260 | _aCleveland | ||
| 260 | _bWorld Publisher Company | ||
| 260 | _C1964 | ||
| 300 | _a373p. | ||
| 300 | _b 23cm. | ||
| 650 | _bPersonality | ||
| 650 | _cOntology | ||
| 700 | _aGrindrod, Muriel (tr.) | ||
| 942 | 0 | 0 | _01 |
| 999 |
_c16921 _d16921 |
||